000 00904cam a22002054a 4500
005 20260511072641.0
008 110511s2011 njua b 001 0 eng d
020 _a9789814295383 (hbk.)
082 0 4 _a332.63221 POI
100 1 _aPoitras, Geoffrey
245 1 0 _aValuation of equity securities :
_bhistory, theory and application /
_cGeoffrey Poitras
260 _aLondon :
_bWorld Scientific Publishing,
_c2011.
300 _ax, 753 p. :
_bill. ;
_c24 cm.
365 _bRS. 5,010.00
505 _a1. The Philosophy of Equity Valuation 2. History of Equity Securities 3. Modern Equity Security Valuation 4. Discounted Cash Flow Models 5. Stochastic Theories of Equity Value 6. Technical Analysis Demystified 7. Fundamental Analysis for Equity Securities 8. Resource Companies: Oil Sands Producers
650 0 _aStocks
650 0 _aCorporation
650 0 _aValuation of Equity.
942 _2ddc
_cBK
999 _c40559
_d40559